<?xml version="1.0" encoding="UTF-8"?>
<collection xmlns="http://www.loc.gov/MARC21/slim">
<record>
  <controlfield tag="001">148617</controlfield>
  <controlfield tag="005">20260218073927.0</controlfield>
  <datafield tag="024" ind1="7" ind2=" ">
    <subfield code="2">doi</subfield>
    <subfield code="a">10.1016/j.arbres.2024.12.005</subfield>
  </datafield>
  <datafield tag="024" ind1="8" ind2=" ">
    <subfield code="2">sideral</subfield>
    <subfield code="a">141351</subfield>
  </datafield>
  <datafield tag="037" ind1=" " ind2=" ">
    <subfield code="a">ART-2024-141351</subfield>
  </datafield>
  <datafield tag="041" ind1=" " ind2=" ">
    <subfield code="a">eng</subfield>
  </datafield>
  <datafield tag="100" ind1=" " ind2=" ">
    <subfield code="0">(orcid)0000-0002-5228-248X</subfield>
    <subfield code="a">Sanz-Rubio, David</subfield>
  </datafield>
  <datafield tag="245" ind1=" " ind2=" ">
    <subfield code="a">Circulating Exosomal MicroRNAs and Subclinical Atherosclerosis in Obstructive Sleep Apnea</subfield>
  </datafield>
  <datafield tag="260" ind1=" " ind2=" ">
    <subfield code="c">2024</subfield>
  </datafield>
  <datafield tag="506" ind1="0" ind2=" ">
    <subfield code="a">Access copy available to the general public</subfield>
    <subfield code="f">Unrestricted</subfield>
  </datafield>
  <datafield tag="520" ind1="3" ind2=" ">
    <subfield code="a">Background. Obstructive sleep apnea (OSA) has been associated with thepathogenesis of atherogenesis. Exosomes and their microRNA (miRNA) cargocould play a major role in this process.Objectives. To determine plasma exosomal miRNA and their relationship withatherosclerosis in patients with OSA.Methods. From the EPIOSA cohort, we selected 50 OSA patients (apnea-hypopnea index–AHI ≥ 10) and 16 age- and sex-matched healthy subjects (AHI≤ 10) for the derivation analysis. The validation assay was composed by 88 OSApatients and 24 matched controls. OSA patients were categorized according toprevalent subclinical atherosclerosis (SA) as defined by ≥ 1 plaque in carotidultrasound. All participants were free of prevalent chronic comorbid conditions.Plasma-derived exosomes were isolated by precipitation, and miRNAs wereevaluated by real-time quantitative PCR.Results. SA was present in 34% of OSA patients. Three exosomal miRNAs wereoverexpressed in patients with OSA and SA at the derivation study: miR-21(relative expression, RE = 2.91), miR-145 (RE = 2.12) and miR-320a (RE =4.06). ROC curve analysis showed a high predictive value for SA of miR-320a(area under curve AUC = 0.813). In the validation cohort, miR-320a alsoexhibited an overexpression of RE = 2.66 among patients with OSA and SA, withan AUC of 0.798. Together with AHI and APO B, miR-320a, was independentlyassociated with SA. In addition, miR-320a correlate with the progression of intimamedia thickness from baseline to after 1 year of follow-up. Finally, miR-320a wasnot reduced after 1 year of follow-up independiently of the treatment with CPAP.3Conclusions. In patients with OSA, exosomal miR-320a is associated to thepresence of subclinical atherosclerosis and could be a useful marker ofcardiovascular risk in these patients</subfield>
  </datafield>
  <datafield tag="536" ind1=" " ind2=" ">
    <subfield code="9">info:eu-repo/grantAgreement/ES/DGA/B22-20R</subfield>
    <subfield code="9">info:eu-repo/grantAgreement/ES/DGA-CUS/1466-2020</subfield>
    <subfield code="9">info:eu-repo/grantAgreement/ES/ISCIII CD22-00033</subfield>
    <subfield code="9">info:eu-repo/grantAgreement/ES/ISCIII/PI15-01441</subfield>
    <subfield code="9">info:eu-repo/grantAgreement/ES/ISCIII/PI18-01524</subfield>
    <subfield code="9">info:eu-repo/grantAgreement/ES/ISCIII/PI21-01954</subfield>
    <subfield code="9">info:eu-repo/grantAgreement/ES/MICINN/RYC2019--027831-I</subfield>
  </datafield>
  <datafield tag="540" ind1=" " ind2=" ">
    <subfield code="9">info:eu-repo/semantics/openAccess</subfield>
    <subfield code="a">by-nc-nd</subfield>
    <subfield code="u">https://creativecommons.org/licenses/by-nc-nd/4.0/deed.es</subfield>
  </datafield>
  <datafield tag="590" ind1=" " ind2=" ">
    <subfield code="a">9.2</subfield>
    <subfield code="b">2024</subfield>
  </datafield>
  <datafield tag="591" ind1=" " ind2=" ">
    <subfield code="a">RESPIRATORY SYSTEM</subfield>
    <subfield code="b">6 / 108 = 0.056</subfield>
    <subfield code="c">2024</subfield>
    <subfield code="d">Q1</subfield>
    <subfield code="e">T1</subfield>
  </datafield>
  <datafield tag="592" ind1=" " ind2=" ">
    <subfield code="a">0.466</subfield>
    <subfield code="b">2024</subfield>
  </datafield>
  <datafield tag="593" ind1=" " ind2=" ">
    <subfield code="a">Pulmonary and Respiratory Medicine</subfield>
    <subfield code="c">2024</subfield>
    <subfield code="d">Q3</subfield>
  </datafield>
  <datafield tag="594" ind1=" " ind2=" ">
    <subfield code="a">3.5</subfield>
    <subfield code="b">2024</subfield>
  </datafield>
  <datafield tag="655" ind1=" " ind2="4">
    <subfield code="a">info:eu-repo/semantics/article</subfield>
    <subfield code="v">info:eu-repo/semantics/acceptedVersion</subfield>
  </datafield>
  <datafield tag="700" ind1=" " ind2=" ">
    <subfield code="0">(orcid)0000-0001-6016-4726</subfield>
    <subfield code="a">Martín-Burriel, Inmaculada</subfield>
    <subfield code="u">Universidad de Zaragoza</subfield>
  </datafield>
  <datafield tag="700" ind1=" " ind2=" ">
    <subfield code="0">(orcid)0000-0001-6351-0444</subfield>
    <subfield code="a">Rodríguez, Jorge</subfield>
    <subfield code="u">Universidad de Zaragoza</subfield>
  </datafield>
  <datafield tag="700" ind1=" " ind2=" ">
    <subfield code="0">(orcid)0000-0003-0777-3850</subfield>
    <subfield code="a">Marín-Oto, Marta</subfield>
    <subfield code="u">Universidad de Zaragoza</subfield>
  </datafield>
  <datafield tag="700" ind1=" " ind2=" ">
    <subfield code="a">Khalyfa, Abdelnaby</subfield>
  </datafield>
  <datafield tag="700" ind1=" " ind2=" ">
    <subfield code="a">Sánchez-de-la-Torre, Manuel</subfield>
  </datafield>
  <datafield tag="700" ind1=" " ind2=" ">
    <subfield code="a">Gozal, David</subfield>
  </datafield>
  <datafield tag="700" ind1=" " ind2=" ">
    <subfield code="0">(orcid)0000-0001-9096-2294</subfield>
    <subfield code="a">Marin, Jose M.</subfield>
    <subfield code="u">Universidad de Zaragoza</subfield>
  </datafield>
  <datafield tag="710" ind1="2" ind2=" ">
    <subfield code="1">1001</subfield>
    <subfield code="2">420</subfield>
    <subfield code="a">Universidad de Zaragoza</subfield>
    <subfield code="b">Dpto. Anatom.,Embri.Genét.Ani.</subfield>
    <subfield code="c">Área Genética</subfield>
  </datafield>
  <datafield tag="710" ind1="2" ind2=" ">
    <subfield code="1">1007</subfield>
    <subfield code="2">610</subfield>
    <subfield code="a">Universidad de Zaragoza</subfield>
    <subfield code="b">Dpto. Medicina, Psiqu. y Derm.</subfield>
    <subfield code="c">Area Medicina</subfield>
  </datafield>
  <datafield tag="773" ind1=" " ind2=" ">
    <subfield code="g">61, 4 (2024), 235-238</subfield>
    <subfield code="p">Arch. bronconeumol.</subfield>
    <subfield code="t">Archivos de Bronconeumologia</subfield>
    <subfield code="x">0300-2896</subfield>
  </datafield>
  <datafield tag="856" ind1="4" ind2=" ">
    <subfield code="s">638968</subfield>
    <subfield code="u">http://zaguan.unizar.es/record/148617/files/texto_completo.pdf</subfield>
    <subfield code="y">Postprint</subfield>
    <subfield code="z">info:eu-repo/date/embargoEnd/2026-01-09</subfield>
  </datafield>
  <datafield tag="856" ind1="4" ind2=" ">
    <subfield code="s">1205652</subfield>
    <subfield code="u">http://zaguan.unizar.es/record/148617/files/texto_completo.jpg?subformat=icon</subfield>
    <subfield code="x">icon</subfield>
    <subfield code="y">Postprint</subfield>
    <subfield code="z">info:eu-repo/date/embargoEnd/2026-01-09</subfield>
  </datafield>
  <datafield tag="909" ind1="C" ind2="O">
    <subfield code="o">oai:zaguan.unizar.es:148617</subfield>
    <subfield code="p">articulos</subfield>
    <subfield code="p">driver</subfield>
  </datafield>
  <datafield tag="951" ind1=" " ind2=" ">
    <subfield code="a">2026-02-17-20:34:44</subfield>
  </datafield>
  <datafield tag="980" ind1=" " ind2=" ">
    <subfield code="a">ARTICLE</subfield>
  </datafield>
</record>
</collection>